Transformačný a charizmatický leadership

Definícia transformačného leadershipu. Transformačný leadership a charizma. Charizmatický človek. Osobnostné charakteristiky, správanie a efekty na nasledovníkov príznačné pre charizmatický leadership. Ego verzus charizma u lídrov.

Guardado en:
Detalles Bibliográficos
Autor principal: Ljudvigová, Ivana
Formato: Capítulo de libro
Lenguaje:eslovaco
Materias:
Etiquetas: Agregar Etiqueta
Sin Etiquetas, Sea el primero en etiquetar este registro!

MARC

LEADER 00000nla$a2200000$$$4500
001 0142773
005 20240502072547.1
041 0 |a slo 
044 |a SK 
245 1 0 |a Transformačný a charizmatický leadership  |c Ivana Ljudvigová 
520 |a Definícia transformačného leadershipu. Transformačný leadership a charizma. Charizmatický človek. Osobnostné charakteristiky, správanie a efekty na nasledovníkov príznačné pre charizmatický leadership. Ego verzus charizma u lídrov. 
610 2 0 |a lídri 
610 2 0 |a manažéri 
610 2 0 |a riadenie 
610 2 0 |a vedenie 
610 2 0 |a kompetencie 
100 1 |a Ljudvigová, Ivana